MendelNET 2008 evropská vědecká konference doktorandů
Guardado en:
| Autores Corporativos: | , |
|---|---|
| Formato: | Libro |
| Lenguaje: | checo |
| Publicado: |
Brno
Mendelova zemědělská a lesnická univerzita, Provozně ekonomická fakulta
2008
|
| Materias: | |
| Etiquetas: |
Sin Etiquetas, Sea el primero en etiquetar este registro!
|
MARC
| LEADER | 00000nlm$a2200000$$$4500 | ||
|---|---|---|---|
| 001 | 0088116 | ||
| 005 | 20240513090547.7 | ||
| 020 | |a 978-80-87222-03-4 | ||
| 041 | 0 | |a cze | |
| 044 | |a CZ | ||
| 245 | 1 | 0 | |a MendelNET 2008 |b evropská vědecká konference doktorandů |
| 264 | 1 | |a Brno |b Mendelova zemědělská a lesnická univerzita, Provozně ekonomická fakulta |c 2008 | |
| 300 | |a CD-ROM | ||
| 610 | 2 | 0 | |a ekonómia |
| 610 | 2 | 0 | |a hospodárstvo podnikové |
| 610 | 2 | 0 | |a financie |
| 610 | 2 | 0 | |a informatika |
| 610 | 2 | 0 | |a manažment |
| 610 | 2 | 0 | |a marketing |
| 610 | 2 | 0 | |a účtovníctvo |
| 610 | 2 | 0 | |a štatistika |
| 110 | 2 | |a MendelNET 2008. Evropská vědecká konference doktorandů | |
| 710 | 2 | |a Mendelova zemědělská a lesnická univerzita v Brně. Provozně ekonomická fakulta | |